LEADER 01365nam a2200313 i 4500 001 000000333159 003 CaOOAMICUS 005 20210303124757.0 008 190328s2019 it u000 u mul u 013 $a233187 020 $a978-88-452-9938-4 040 $aSeMil$bita 041 1 $aita$aeng 100 1 $aWhitehead, Alfred North,$d<1861-1947>.$0(OLS)http://semarc/name/32585 240 10$aProcess and reality.$0(OLS)http://semarc/title/422393 245 10$aProcesso e realtà :$bsaggio di cosmologia / $cAlfred North Whitehead ; a cura di Maria Regina Brioschi ; introduzione di Luca Vanzago. 264 1$aMilano :$bBompiani,$c2019. 300 $a1366 p. ;$c22 cm 490 1 $aBompiani Il pensiero occidentale 500 $aTesti inglese a fronte 700 1 $aVanzago, Luca.$0(OLS)http://semarc/name/80457 700 1 $aBrioschi, Maria Regina.$0(OLS)http://semarc/name/109266 830 0$aBompiani Il pensiero occidentale.$0(OLS)http://semarc/title/10111 850 $aSeMil 852 $aSeMil$W1$xVenegono$y1$m2OA V 433$j211805$B225309$CSeMilBibl$Z2$F225309 $81 996 $6020$a978-88-452-9938-4$9(OLS)http://semarc/number/286991 996 $6245$aProcesso e realtà :$bsaggio di cosmologia / $9(OLS)http://semarc/title/422392 996 $6264$aMilano :$bBompiani$9(OLS)http://semarc/publisher/29706 LEADER 01366nam a2200241 i 4500 001 000000048029 003 CaOOAMICUS 005 20120411000000.0 008 120411s1922 it u000 u ita u 013 $a19199 040 $aSeMil$bita 100 1 $aPègues, Thomas,$c.$0(OLS)http://semarc/name/89685 245 13$aLa Somma Teologica di S. Tommaso di Aquino in forma di Catechismo per tutti i fedeli :$bOpera onorata di un Breve di S.S. il Papa Benedetto 15. /$cR. P. Thomas Pègues ; traduzione italiana approvata e riveduta dall'Autore del Sac. don Arturo Romani terziario domenicano. 260 $aTorino ; Roma :$bMarietti,$c1922. 300 $aXXVIII, 517 p. ;$c18 cm. 490 0 $aCollezione Pietro Marietti ;$v475 650 4$aTommaso : d'Aquino . Summa theologiae.$0(OLS)http://semarc/subject/340 700 1 $aRomani, Arturo.$0(OLS)http://semarc/name/23841 830 0$aCollezione Pietro Marietti ;$v475.$0(OLS)http://semarc/title/6569 850 $aSeMil 852 $aSeMil$W1$xVenegono$y1$m2D II 81$j14184$B14184$CSeMilBibl$Z2$F14184 $81 996 $6245$aLa Somma Teologica di S. Tommaso di Aquino in forma di Catechismo per tutti i fedeli :$bOpera onorata di un Breve di S.S. il Papa Benedetto 15.$9(OLS)http://semarc/title/72559 996 $6260$aTorino ; Roma :$bMarietti$9(OLS)http://semarc/publisher/32636